00678nam a2200193 i 450000100060000000300090000600500170001500700030003200800410003510000350007624500670011126000360017830000330021470000260024774000400027385200320031399900170034595201220036266205ES-MaACL20250805094920.0t|040129s1973 sp ||||1| spa d1 aGalán, Diego, d1946-95328410a18 españoles de posguerra / cDiego Galán y Fernando Lara. aBarcelona : bPlaneta, c[1973] a263 p., 18 lám. ; c20 cm.1 aLara, Fernando9702030 aDieciocho españoles de posguerra. aES-MaACLjC-54072 bR.86784 c66205d66205 00104070aATENEOMbATENEOMcDEPO2d2008-01-17eSCl0oC-54072p1069363r2023-02-23 00:00:00w2023-02-23yMONOGRAFIA